Las bodas de Haití (Registro nro. 140204)

Detalles MARC
000 -LEADER
campo de control de longitud fija 00516nam a2200169 4500
001 - NÚMERO DE CONTROL
campo de control 140204
003 - IDENTIFICADOR DE NÚMERO DE CONTROL
campo de control ES-MaACL
005 - FECHA Y HORA DE LA ÚLTIMA TRANSACCIÓN
campo de control 20230906200030.0
007 - CAMPO FIJO DE DESCRIPCIÓN FÍSICA--INFORMACIÓN GENERAL
campo de control de longitud fija t|
008 - DATOS DE LONGITUD FIJA--INFORMACIÓN GENERAL
campo de control de longitud fija 070214s1968 sp r ||||1| spa d
100 1# - ENTRADA PRINCIPAL--NOMBRE DE PERSONA
Nombre de persona Seghers, Anna.
9 (RLIN) 105131
245 14 - MENCIÓN DEL TÍTULO
Título Las bodas de Haití
Resto del título : (relatos) /
Mención de responsabilidad, etc. Anna Seghers ; [traducción de Michael Faber-Kaiser].
260 ## - PUBLICACIÓN, DISTRIBUCIÓN, ETC.
Lugar de publicación, distribución, etc. Barcelona :
Nombre del editor, distribuidor, etc. Seix Barral,
Fecha de publicación, distribución, etc. 1968.
300 ## - DESCRIPCIÓN FÍSICA
Extensión 227 p. ;
Dimensiones 20 cm.
700 0# - ENTRADA AGREGADA--NOMBRE PERSONAL
Nombre de persona Faber-Kaiser, Michael.
9 (RLIN) 48510
852 ## - LOCALIZACIÓN
Ubicación ES-MaACL
Número de control de estantería C-35062
Sublocalización o colección R.66402
Existencias
Estatus retirado Estado de pérdida Estado de daño No para préstamo Biblioteca de origen Biblioteca actual Ubicación en estantería Fecha de adquisición Fuente de adquisición Total de préstamos Signatura topográfica completa Código de barras Visto por última vez Precio de reemplazo Tipo de ítem Koha
        Biblioteca del Ateneo de Madrid Biblioteca del Ateneo de Madrid Depósito 2 17/01/2008     C-35062 1145901 23/02/2023 23/02/2023 Libro impreso